00505nam a2200145Ia 4500008004100000041000800041082001500049100002300064245004200087260004200129300003200171365000900203999001700212952013000229240624s9999 xx 000 0 und d aeng a658.32 LIP aLIPMAN FREDERICK D aEXECUTIVE COMPENSATION BEST PRACTICES c2008aNew JerseybJohn Wiley and Sons axvii, : 318 : p. : cm. ; 23 cb30 c11934d11934 00104070aIMTNbIMTNcRack 27-Ad2008-12-12eIBHg50.00n1920o658.32 LIPp11934r2024-06-24 00:00:00t51.6w2024-06-24yBK